Представление документа в формате MARC21

Поле Инд. ПП Название Значение
Тип записи a
Библиографический уровень m
001 Контрольный номер RU/IS/BASE/226056732
005 Дата корректировки 20170202152404.3
020 00 a ISBN 5-037-86169-5
c Цена, тираж 21300-00
084 a Индекс другой классификации/Индекс ББК 63.3(2)52
090 a Полочн. индекс 63.3(2)5
x Авторский знак Т 21
100 10 a Автор Тартаковский А. Г.
245 00 a Заглавие Неразгаданный Барклай. Легенды и быль 1812 года
260 00 a Место издания Москва
b Издательство Археогр. центр
c Дата издания 1996
300 00 a Объем 367 с.
600 14 a Персоналии Барклай-де-Толли М. Б., русский полководец, военный министр
650 _4 a Основная рубрика Отечественная война 1812
653 00 a Ключевые слова Отечественная война 1812 г.
901 t Тип документа m